Secret Invasion Quiz (SPOILERS) - Statistics

General Stats
  • This quiz has been taken 16 times
  • The average score is 9 of 14
Answer Stats
Actor Role % Correct
Samuel L. Jackson Nick Fury
100%
Don Cheadle Raava/James Rhodes/War Machine
100%
Cobie Smulders Maria Hill
91%
Ben Mendelsohn Talos
91%
Emilia Clarke G'iah
82%
Martin Freeman Everett Ross
73%
Kingsley Ben-Adir Gravik
73%
Olivia Colman Sonya Falsworth
45%
Samuel Adewunmi Beto
36%
Killian Scott Pagon
36%
Dermot Mulroney President Ritson
36%
O-T Fagbenle Rick Mason
36%
Katie Finneran Rosa Dalton
27%
Charlayne Woodard Varra/Priscilla
27%
No matching quizzes found
Score Distribution
Percent of People with Each Score
Percentile by Number Answered
Your Score History
You have not taken this quiz